000 00884nam a2200277Ia 4500
003 OSt
005 20220926015008.0
006 a|||||r|||| 00| 0
007 ta
008 220923b |||||||| |||| 00| 0 eng d
037 _cGeneral Book
040 _aRTL
_cRTL
_beng
041 _2eng
_aeng
082 _aX:972.73.N5, J9;K1
110 _aNational Industrial Conference Board (New York)
_9321445
245 0 _aPreparing for collective bargaining II
250 _a2nd
260 _aNew York
_bNational Industrial Conference Board USA
_c1961
300 _a121p.
_ccm.
490 _aIts, studies in personnel policy. 182
500 _aConference Board, research report
650 _aCollective Bargaining
700 _aNational Industrial Conference Board (New York)
_9321446
942 _hX:972.73.N5, J9;K1
_cGB
_2CC
999 _c630330
_d630330